| 000 | 00545nam a2200145Ia 4500 | ||
|---|---|---|---|
| 008 | 170221s9999 xx 000 0 und d | ||
| 100 | _aVilani Sachitra | ||
| 245 | _aRelationships between Institutional Capital, Dynamic Capabilities and Competitive Advantage: Empirical Examination of the Agribusiness Sector | ||
| 245 | _cVilani Sachitra, Siong-Choy Chong | ||
| 260 | _bInternational Review of Management and Marketing | ||
| 260 | _c2017 | ||
| 300 | _a7 : 1 | ||
| 650 | _xMarketing. | ||
| 856 | _uhttp://www.econjournals.com/index.php/irmm | ||
| 999 |
_c308043 _d308043 |
||